Statistics for Biggest Cities By Letter - E

Click here to take the quiz!

General Stats

  • This quiz has been taken 211 times
  • The average score is 4 of 20

Answer Stats

PopulationCountryCity% Correct
978,000CanadaEdmonton
80%
7,312,000GermanyEssen
75%
421,000United KingdomEdinburgh
65%
811,000United StatesEl Paso
40%
330,000NetherlandsEindhoven
30%
1,078,000IraqErbil
29%
1,340,000RussiaEkaterinburg
26%
350,000South AfricaEast London
15%
107,000United KingdomExeter
12%
200,000GermanyErfurt
11%
197,000United StatesErie
11%
249,000United StatesEugene
11%
107,000United KingdomEastbourne
9%
807,000NigeriaEnugu
6%
570,000TurkeyEskisehir
6%
230,000United StatesEvansville
6%
144,000United StatesElkhart
2%
520,000IndiaErode
2%
108,000United StatesEl Centro
1%
400,000MexicoEnseneda
0%

Score Distribution

Percentile by Number Answered

Percent of People with Each Score

Your Score History

You have not taken this quiz